| 000 | 01069nam a2200325Ia 4500 | ||
|---|---|---|---|
| 003 | OSt | ||
| 005 | 20221007121248.0 | ||
| 006 | a|||||r|||| 00| 0 | ||
| 007 | ta | ||
| 008 | 221006b |||||||| |||| 00| 0 eng d | ||
| 020 | _a9780470870129 (pbk) | ||
| 024 | _a187466 | ||
| 037 |
_b194, 18/12/2012, N R Book Distributors _cTextual |
||
| 040 |
_aBDL _cBDL _beng |
||
| 041 |
_2eng _aeng |
||
| 082 | _aI.11, Q3 Carb | ||
| 100 | _aJones Russell | ||
| 245 | 0 |
_aMolecular life of plants _b Ougham Helen Thomas Howard Waaland Susan |
|
| 260 |
_aWest _bSussex Wiley-BlackWell _c2013 |
||
| 300 |
_axxiv,742p. _ccm. |
||
| 500 | _aCredits and sources 707-712p.; Index 713-742p. | ||
| 650 | _a Plant molecular biology | ||
| 650 |
_a Plant physiology _9425556 |
||
| 650 | _aBotany | ||
| 700 | _a Ougham Helen | ||
| 700 | _a Thomas Howard | ||
| 700 | _a Waaland Susan | ||
| 942 |
_hI.11, Q3 Carb _cTEXL _2CC |
||
| 999 |
_c1208634 _d1208634 |
||